Statistiques concernant Anagrammes: Champions de lol 4

Cliquez ici pour prendre le quiz!

Statistiques générales

  • Ce quiz a été pris 88 fois
  • Le résultat moyen est 11 sur 15

Statistiques - réponses

HintRéponse% Correct
heasAshe
88%
gredhineriemHeimerdinger
88%
drbnaBrand
83%
sileeElise
79%
arakosSoraka
78%
goiveViego
78%
hextraXerath
78%
nasneSenna
77%
spoiacaiseCassiopeia
73%
okamiaMaokai
69%
lacmielCamille
66%
vandreDraven
66%
delaineNidalee
57%
taklaisKalista
55%
aerantRenata
44%

Distribution des résultats

Percentile par nombre de réponses

% des personnes avec chaque résultat

Votre développement - résultats

Vous n’avez pas pris ce quiz